000 00417nam a2200145Ia 4500
008 230917s9999||||xx |||||||||||||| ||und||
040 _e204849
_aMAIN
041 _aEnglish
082 _a891.437731 MP315T
100 _aचौधरी, पवन
245 0 _aठोकर से ठाकुर
260 _aनई दिल्ली
_bविधि सेवा
_c2009
300 _a144 पृ. p.
942 _cHN
999 _c158068
_d158068